Religion Quiz

Random Religion or Bible Quiz

Bible Books with Missing Vowels Quiz Stats

 Plays Quiz not verified by Sporcle

Challenge
Share
Tweet
Embed
Score 0/26 Timer 06:00
0 Plays Today
Letters Book Name % Correct
GNSSGenesis
97.5%
MTTHWMatthew
93.8%
JSHJoshua
91.9%
NMBRSNumbers
90.6%
PRVRBSProverbs
90%
HBRWSHebrews
89.4%
DTRNMYDeuteronomy
88.1%
RMNSRomans
87.5%
RTHRuth
86.9%
LKLuke
86.9%
RVLTNRevelation
86.9%
JDJude
84.4%
DNLDaniel
81.9%
Letters Book Name % Correct
LMNTTNSLamentations
81.3%
CLSSNSColossians
80.6%
TTSTitus
80.6%
CTSActs
78.8%
ZREzra
76.9%
PHSNSEphesians
76.9%
CCLSSTSEcclesiastes
76.9%
PHLMNPhilemon
75%
JLJoel
74.4%
HBKKKHabakkuk
73.8%
HGGHaggai
70.6%
BDHObadiah
67.5%
SHIsaiah
61.3%

You're not logged in!

Compare scores with friends on all Sporcle quizzes.
Join for Free
OR
Log In

You Might Also Like...

Show Comments

Extras

Curator's Pick Jan 25, 2016ReportNominate
Tags:Bible Quiz, Missing Vowels, vowel

Top Quizzes Today


Score Distribution

Your Account Isn't Verified!

In order to create a playlist on Sporcle, you need to verify the email address you used during registration. Go to your Sporcle Settings to finish the process.

Report this User

Report this user for behavior that violates our Community Guidelines.

Details: